Analýza operatívneho riadenia poľnohospodárskeho podniku z aspektu výberu a zhromažďovania informácií autoreferát pre získanie vedeckej hodnosti kandidáta ekonomických vied
Saved in:
| Main Author: | |
|---|---|
| Corporate Author: | |
| Format: | Book |
| Language: | Slovak |
| Published: |
Bratislava
1983
|
| Tags: |
No Tags, Be the first to tag this record!
|
MARC
| LEADER | 00000nam a2200000 4500 | ||
|---|---|---|---|
| 001 | c114709 | ||
| 005 | 20190521121638.7 | ||
| 041 | 0 | |a slo | |
| 044 | |a SK | ||
| 245 | 1 | 0 | |a Analýza operatívneho riadenia poľnohospodárskeho podniku z aspektu výberu a zhromažďovania informácií |b autoreferát pre získanie vedeckej hodnosti kandidáta ekonomických vied |c Vladimír Popelka |
| 264 | 1 | |a Bratislava |c 1983 | |
| 300 | |a 31 s. | ||
| 100 | 1 | |a Popelka, Vladimír | |
| 710 | 2 | |a Vysoká škola ekonomická v Bratislave | |